000 00906nam a2200253Ia 4500
003 OSt
005 20220923220043.0
006 a|||||r|||| 00| 0
007 ta
008 220922b |||||||| |||| 00| 0 hin d
024 _a183,871
037 _cTextual
040 _aARTS
_cARTS
_bhin
041 _2hin
_ahin
082 _aO152,1N243:g, L9
100 _aशर्मा, प्रभाकर
_9156279
245 0 _aनरेश मेहता का काव्य विमर्श और मूल्यांकन
246 _aNaresh mehatā kā kāvya vimarsha aur mūlyāankana
260 _aजयपुर
_b पंचशील प्रकाशन
_c1979
300 _a135 पृ.
_ccm.
650 _aहिन्दी साहित्य
_9156264
942 _hO152,1N243:g, L9
_cTEXL
_2CC
999 _c337186
_d337186